000 00463nam a2200181Ia 4500
001 17522
005 20260306171523.0
008 260306s9999||||xx |||||||||||||| ||und||
041 _aESP
082 _a658
_bV24
100 _aVal Pardo, Isabel de
_eAUT
245 0 _aManagement estratégico:
_bguía práctica y casos ilustrativos
260 _c2005
300 _axii, 176 páginas :
_c24 cm.
650 _aGEN
654 _aCAN
942 _cLIB
_dJUS
_fJUS
_2ddc
_n
999 _c17522
_d17522